Movies Quiz

Random Movies or Role Quiz

Major Character Movie Deaths Quiz Stats

Quiz Updated Oct 15, 2015

Challenge
Share
Tweet
Embed
Score 0/30 Timer 05:00
8 Plays Today
% Correct
The Lion King
95.1%
Beauty and the Beast
85.7%
The Godfather
85.2%
Star Wars Episode III: Revenge of the Sith
77.7%
Lord of the Rings: The Fellowship of the Ring
76.7%
Crouching Tiger, Hidden Dragon
74.6%
Scarface
70.2%
The Hunger Games
66.6%
Pulp Fiction
65.5%
The Shining
65.2%
Forrest Gump
63.2%
Monty Python and the Holy Grail
62.4%
The Green Mile
53.9%
Spider-Man
52%
American Beauty
50.4%
% Correct
Se7en
49.7%
The Princess Bride
46.3%
The Departed
44.5%
Gran Torino
41.5%
Psycho
37%
GoldenEye
34.1%
Philadelphia
33.8%
From Russia With Love
31.7%
American History X
30.3%
Do the Right Thing
29.4%
Raiders of the Lost Ark
25.1%
Glory
22.7%
True Grit
20.7%
Strangers on a Train
10.5%
White Heat
9%

You're not logged in!

Compare scores with friends on all Sporcle quizzes.
Join for Free
OR
Log In

You Might Also Like...

Show Comments

Extras

Top Quizzes Today


Score Distribution

Your Account Isn't Verified!

In order to create a playlist on Sporcle, you need to verify the email address you used during registration. Go to your Sporcle Settings to finish the process.

Report this User

Report this user for behavior that violates our Community Guidelines.

Details: